00626nam a2200193 a 450000100060000000300080000600500170001400800410003103500190007204000270009104100080011808200260012610000310015224500700018326000310025330000240028450000800030860000440038855954BD-RjUL20211209080333.0161123s1946 nyu 000 0 eng  a(BD-RjUL)56078 aDLCcOAUdBD-RjULbeng aeng 223a822.912bSHG 19461 aShaw, Bernard,d1856-1950.00aGeneva, Cymbeline refinished, & Good King Charles /cBernard Shaw aLondon :bConstable,c1946 av, 233 p. ;c21 cm. aThe third play is also pub. with title: In good King Charles's golden days. aShaw, Bernard, 1856-1950xEnglish drama